[Event "SR 3. liga A2 2014/2015"]
[Site "?"]
[Date "2014.11.02"]
[Round "2.2"]
[White "Horecky, Peter"]
[Black "Ambros, Rafael"]
[Result "1/2-1/2"]
[WhiteElo "1985"]
[BlackElo "1994"]
[PlyCount "36"]
[EventDate "2015.??.??"]

1. d4 d5 2. c4 e6 3. Nf3 c6 4. e3 Nf6 5. Bd3 Be7 6. O-O O-O 7. b3 b6 8. Nbd2
Bb7 9. e4 dxe4 10. Nxe4 Nbd7 11. Nxf6+ Nxf6 12. Qe2 Re8 13. Bb2 Bf8 14. Rad1
Qe7 15. Ne5 Rad8 16. c5 b5 17. a4 a6 18. axb5 axb5 1/2-1/2

[Event "SR 3. liga A2 2014/2015"]
[Site "?"]
[Date "2014.11.02"]
[Round "2.2"]
[White "Kubis, Ivan"]
[Black "Slobodnik, Michal"]
[Result "0-1"]
[WhiteElo "1991"]
[BlackElo "1958"]
[PlyCount "44"]
[EventDate "2015.??.??"]

1. e4 Nf6 2. e5 Nd5 3. d4 d6 4. Nf3 dxe5 5. Nxe5 c6 6. Bc4 Bf5 7. Qf3 e6 8. g4
Bg6 9. h4 Nd7 10. Nd3 h6 11. Bd2 N7f6 12. Qe2 Nb6 13. Ne5 Be4 14. f3 Qxd4 15.
Bc3 Bb4 16. Bxb4 Qxe5 17. fxe4 Qg3+ 18. Kf1 Nxc4 19. Qxc4 Qf3+ 20. Kg1 Qxg4+
21. Kf1 Nxe4 22. Nd2 Nxd2+ 0-1

[Event "SR 3. liga A2 2014/2015"]
[Site "?"]
[Date "2014.11.02"]
[Round "2.2"]
[White "Lopatievov, Alexander"]
[Black "Kocak, Branislav"]
[Result "1/2-1/2"]
[WhiteElo "1926"]
[BlackElo "1912"]
[PlyCount "49"]
[EventDate "2015.??.??"]

1. b4 d5 2. Bb2 e6 3. Nf3 Nf6 4. a3 Be7 5. e3 c5 6. bxc5 Bxc5 7. c4 O-O 8. d4
Be7 9. Nc3 b6 10. cxd5 exd5 11. Bd3 Bb7 12. O-O Nbd7 13. Qb3 Nb8 14. Ne5 Nc6
15. Nxc6 Bxc6 16. Ba6 Qd7 17. a4 Rfd8 18. Rfc1 Bb7 19. Bb5 Qe6 20. Ba3 Bxa3 21.
Qxa3 Rac8 22. Bd3 Ne8 23. a5 Nd6 24. axb6 axb6 25. Qb3 1/2-1/2

[Event "SR 3. liga A2 2014/2015"]
[Site "?"]
[Date "2014.11.02"]
[Round "2.2"]
[White "Bilovsky, Milan"]
[Black "Mackovic, Miroslav"]
[Result "1-0"]
[WhiteElo "1921"]
[BlackElo "1846"]
[PlyCount "109"]
[EventDate "2015.??.??"]

1. e4 c5 2. c3 d5 3. exd5 Qxd5 4. d4 Nc6 5. Nf3 cxd4 6. cxd4 e6 7. Nc3 Qd8 8.
Be2 Nf6 9. O-O Be7 10. a3 O-O 11. Re1 a6 12. Bg5 Nd5 13. Bxe7 Ncxe7 14. Qd2 Nf6
15. Ne5 b5 16. Bf3 Ned5 17. Rac1 Bb7 18. Ne4 Nxe4 19. Bxe4 Qd6 20. g3 Rac8 21.
Rxc8 Rxc8 22. Rc1 f6 23. Rxc8+ Bxc8 24. Qc2 Qc7 25. Bxh7+ Kf8 26. Qxc7 Nxc7 27.
Nf3 Bb7 28. Nd2 Bd5 29. Be4 Ke7 30. f4 Kd6 31. Kf2 Bxe4 32. Nxe4+ Kd5 33. Ke3
Na8 34. Kd3 Nb6 35. b3 Nd7 36. h3 Nb6 37. g4 Kc6 38. Nc3 Nd7 39. Ke4 Kd6 40. h4
g6 41. f5 gxf5+ 42. gxf5 e5 43. Nd5 exd4 44. Kxd4 Ne5 45. Ke4 Nd7 46. b4 Ne5
47. h5 Ng4 48. Kf4 Kxd5 49. Kxg4 Kc4 50. h6 Kb3 51. h7 Kxa3 52. h8=Q Kxb4 53.
Qxf6 a5 54. Qb2+ Kc4 55. f6 1-0

[Event "SR 3. liga A2 2014/2015"]
[Site "?"]
[Date "2014.11.02"]
[Round "2.2"]
[White "Bango, Dominik"]
[Black "Valla, Tomas"]
[Result "1/2-1/2"]
[WhiteElo "1557"]
[BlackElo "1822"]
[PlyCount "56"]
[EventDate "2015.??.??"]

1. e4 c5 2. Nf3 g6 3. d4 cxd4 4. Nxd4 Bg7 5. Nc3 Nc6 6. Be3 Nf6 7. Be2 O-O 8.
O-O d5 9. exd5 Nxd5 10. Nxd5 Qxd5 11. Bf3 Qd7 12. Nxc6 bxc6 13. Qxd7 Bxd7 14.
Rad1 Be6 15. b3 Rfc8 16. Bc5 Bf6 17. c4 Kf8 18. Bd4 Bg5 19. g3 Bf5 20. Bg2 Bg4
21. f3 Bf5 22. h4 Bh6 23. Bc5 Bg7 24. Rfe1 Be6 25. Rd3 Rc7 26. Red1 Ke8 27. Bd4
Bxd4+ 28. Rxd4 Rb8 1/2-1/2

[Event "SR 3. liga A2 2014/2015"]
[Site "?"]
[Date "2014.11.02"]
[Round "2.2"]
[White "Zajicek, Ferdinand"]
[Black "Rau, Vladimir"]
[Result "1-0"]
[WhiteElo "1836"]
[BlackElo "1504"]
[PlyCount "81"]
[EventDate "2015.??.??"]

1. e4 c6 2. Nf3 d5 3. exd5 cxd5 4. d4 Nf6 5. Nc3 e6 6. Bd3 Be7 7. O-O Nc6 8.
Ne2 O-O 9. c3 Bd7 10. Qc2 Rc8 11. a3 Re8 12. Ng5 g6 13. Be3 Ng4 14. Nf3 e5 15.
dxe5 Ngxe5 16. Nxe5 Nxe5 17. h3 Nxd3 18. Qxd3 Bf5 19. Qd2 Bf6 20. Nd4 Be6 21.
f4 a6 22. Rf3 Rf8 23. Raf1 Qe7 24. f5 Bd7 25. Re1 Rce8 26. Ref1 gxf5 27. Bh6
Kh8 28. Bxf8 Qxf8 29. Nxf5 Bb5 30. R1f2 Bd8 31. Qd4+ f6 32. Qd2 Bb6 33. Nd4 Bd8
34. Nxb5 axb5 35. Kf1 Qc5 36. Qd4 Qd6 37. Rxf6 Bxf6 38. Qxf6+ Qxf6 39. Rxf6 b4
40. axb4 Kg7 41. Rd6 1-0

[Event "SR 3. liga A2 2014/2015"]
[Site "?"]
[Date "2014.11.02"]
[Round "2.3"]
[White "Abel, Peter"]
[Black "Kapusta, Petr"]
[Result "1-0"]
[WhiteElo "2174"]
[BlackElo "2112"]
[PlyCount "109"]
[EventDate "2015.??.??"]

1. c4 Nf6 2. Nc3 g6 3. g3 Bg7 4. Bg2 d6 5. Nf3 O-O 6. O-O c5 7. d4 cxd4 8. Nxd4
Nc6 9. b3 Nxd4 10. Qxd4 Ng4 11. Qd2 Qa5 12. Bb2 Qh5 13. h3 Ne5 14. f4 Nc6 15.
Kh2 e5 16. Nd5 Be6 17. e3 Rae8 18. Nc7 exf4 19. exf4 Bxb2 20. Qxb2 Re7 21. Nxe6
Rxe6 22. Bf3 Qc5 23. Rad1 Rfe8 24. Rd5 Qe3 25. Qd2 Qb6 26. Qf2 Qb4 27. Qd2 Qa3
28. Rf2 b6 29. f5 Rf6 30. Bg2 Qb4 31. fxg6 Rxg6 32. Qf4 Nd8 33. Be4 Rg7 34. Rg5
Qc3 35. Bd5 Kh8 36. Rxg7 Qxg7 37. Qxd6 Ne6 38. Kg2 Rd8 39. Qe7 Rg8 40. Qh4 Ng5
41. Qf4 Re8 42. h4 Ne6 43. Qxf7 Qxf7 44. Rxf7 a5 45. Rf6 Nd4 46. Rxb6 Re2+ 47.
Kh3 Rxa2 48. c5 Rc2 49. c6 h5 50. Bc4 Nf3 51. g4 Ng1+ 52. Kg3 Rc3+ 53. Kf4 Rf3+
54. Ke4 Rf8 55. c7 1-0

[Event "SR 3. liga A2 2014/2015"]
[Site "?"]
[Date "2014.11.02"]
[Round "2.3"]
[White "Koutny, Petr"]
[Black "Stepanovic, Branislav"]
[Result "1-0"]
[WhiteElo "2242"]
[BlackElo "2003"]
[PlyCount "79"]
[EventDate "2015.??.??"]

1. e4 c5 2. Nf3 d6 3. d4 cxd4 4. Nxd4 Nf6 5. Nc3 a6 6. Be2 e6 7. O-O Be7 8. f4
Qc7 9. Qe1 O-O 10. Qg3 Nbd7 11. f5 e5 12. Bh6 Ne8 13. Nd5 Qd8 14. Nb3 Kh8 15.
Be3 Nef6 16. Nc3 b5 17. Bf3 b4 18. Nd1 Qc7 19. Rc1 Bb7 20. Nf2 Qc4 21. Na5 Qb5
22. Nxb7 Qxb7 23. Qh3 Nc5 24. g4 Nfxe4 25. Bxc5 Nxf2 26. Bxf2 e4 27. Bg2 Bf6
28. c3 bxc3 29. bxc3 Rac8 30. Bd4 Bxd4+ 31. cxd4 Qb2 32. Qe3 d5 33. a3 Rc2 34.
Rxc2 Qxc2 35. f6 gxf6 36. Qf4 Qd3 37. Qxf6+ Kg8 38. Rf5 Qe3+ 39. Kh1 h6 40. g5
1-0

[Event "SR 3. liga A2 2014/2015"]
[Site "?"]
[Date "2014.11.02"]
[Round "2.3"]
[White "Manak, Jozef"]
[Black "Londin, Martin"]
[Result "1/2-1/2"]
[WhiteElo "1984"]
[BlackElo "1954"]
[PlyCount "27"]
[EventDate "2015.??.??"]

1. e4 e5 2. Nc3 Nf6 3. Bc4 Nc6 4. d3 Bc5 5. Nf3 h6 6. O-O d6 7. Na4 Bb6 8. Nxb6
axb6 9. d4 Bg4 10. Bb5 O-O 11. Bxc6 bxc6 12. dxe5 Nxe4 13. exd6 cxd6 14. Qd3
1/2-1/2

[Event "SR 3. liga A2 2014/2015"]
[Site "?"]
[Date "2014.11.02"]
[Round "2.3"]
[White "Harastova, Viera"]
[Black "Manak, Adrian"]
[Result "0-1"]
[WhiteElo "1876"]
[BlackElo "1959"]
[PlyCount "124"]
[EventDate "2015.??.??"]

1. d4 d5 2. c4 c6 3. Nc3 e5 4. e3 e4 5. cxd5 cxd5 6. Nge2 Bb4 7. a3 Bxc3+ 8.
Nxc3 Ne7 9. Be2 O-O 10. O-O Nd7 11. Bd2 Nb6 12. Rc1 Be6 13. f3 f5 14. fxe4 dxe4
15. Be1 Ned5 16. Nxd5 Nxd5 17. Qd2 Qd7 18. Bg3 Rac8 19. Bc4 Rxc4 20. Rxc4 Nxe3
21. Rc7 Nxf1 22. Kxf1 Qb5+ 23. Ke1 f4 24. Bxf4 Qf5 25. g3 g5 26. Rc5 Bd5 27.
Rxd5 Qxd5 28. Bxg5 e3 29. Qxe3 Qh1+ 30. Kd2 Qxh2+ 31. Kd3 Qh3 32. Bf4 Qf5+ 33.
Kd2 h5 34. Qe5 Qxe5 35. Bxe5 Rf3 36. Kc2 Kf7 37. d5 a6 38. Kd2 Rf5 39. Bf4
Rxd5+ 40. Ke3 Rb5 41. b4 Ke6 42. Ke4 Rd5 43. Bc7 Rd1 44. Kf4 Kf6 45. Be5+ Kg6
46. Ke4 Kg5 47. a4 Kg4 48. a5 Re1+ 49. Kd5 Rxe5+ 50. Kxe5 Kxg3 51. Kd6 h4 52.
Kc7 h3 53. Kxb7 h2 54. Kxa6 h1=Q 55. b5 Qa8+ 56. Kb6 Kf4 57. a6 Ke5 58. a7 Kd6
59. Ka6 Kc7 60. b6+ Kc6 61. Ka5 Kb7 62. Kb5 Qd8 0-1

[Event "SR 3. liga A2 2014/2015"]
[Site "?"]
[Date "2014.11.02"]
[Round "2.3"]
[White "Nemsak, Denis"]
[Black "Vepy, Ivan"]
[Result "0-1"]
[WhiteElo "1957"]
[BlackElo "1923"]
[PlyCount "116"]
[EventDate "2015.??.??"]

1. c4 Nf6 2. Nc3 e5 3. g3 Be7 4. Bg2 O-O 5. d3 c6 6. e4 Na6 7. Nge2 d6 8. O-O
Bg4 9. h3 Be6 10. f4 Nc7 11. b3 Nfe8 12. g4 f6 13. Ng3 d5 14. exd5 cxd5 15. Kh1
exf4 16. Bxf4 Bd6 17. Nh5 Bf7 18. Bxd6 Qxd6 19. Nf4 dxc4 20. dxc4 Qe5 21. Nfd5
Nxd5 22. Nxd5 Rd8 23. Re1 Qb8 24. Qe2 Nc7 25. Ne7+ Kh8 26. Qf3 Rd7 27. Rad1
Rfd8 28. Rxd7 Rxd7 29. Rd1 Rxe7 30. Qxb7 Qxb7 31. Bxb7 Ne6 32. Bf3 h6 33. Kg2
Bg6 34. h4 Nf4+ 35. Kg3 Ne2+ 36. Kf2 Nc3 37. Rd8+ Kh7 38. g5 fxg5 39. hxg5 Nxa2
40. gxh6 Kxh6 41. c5 Nb4 42. c6 Nd3+ 43. Kg3 Ne5 44. Bd5 Kg5 45. Rb8 Rc7 46.
Rb7 Rxb7 47. cxb7 Nd7 48. Kf3 Kf6 49. Kf4 Ke7 50. Bf3 Bc2 51. Bg4 Nb8 52. b4
Kd6 53. Bf3 Ba4 54. Kf5 Bc6 55. Be2 Be8 56. Bf3 Kc7 57. Ke6 Bd7+ 58. Ke5 Nc6+
0-1

[Event "SR 3. liga A2 2014/2015"]
[Site "?"]
[Date "2014.11.02"]
[Round "2.3"]
[White "Jarabek, Milan"]
[Black "Bincik, Pavol"]
[Result "1/2-1/2"]
[WhiteElo "1690"]
[BlackElo "1941"]
[PlyCount "72"]
[EventDate "2015.??.??"]

1. e4 c6 2. d4 d5 3. Nc3 dxe4 4. Nxe4 Bf5 5. Ng3 Bg6 6. h4 h6 7. Nf3 Nd7 8. h5
Bh7 9. Bd3 Bxd3 10. Qxd3 Ngf6 11. c4 e6 12. Bf4 Qa5+ 13. Bd2 Qc7 14. O-O-O
O-O-O 15. Ne4 Nxe4 16. Qxe4 Nf6 17. Qe2 Bd6 18. Kb1 Rhe8 19. Ne5 c5 20. Bc3 Kb8
21. dxc5 Bxc5 22. f4 Qe7 23. g4 Ng8 24. Rhe1 Bd6 25. Ba5 Bc7 26. Bxc7+ Qxc7 27.
Qe4 Nf6 28. Qe2 Ng8 29. b3 a6 30. Rxd8+ Rxd8 31. Rd1 f6 32. Rxd8+ Qxd8 33. Nf3
Qd6 34. Qe3 Ne7 35. Kc2 Nc6 36. a3 Kc7 1/2-1/2

[Event "SR 3. liga A2 2014/2015"]
[Site "?"]
[Date "2014.11.02"]
[Round "2.3"]
[White "Slaby, Jozef"]
[Black "Planka, Peter"]
[Result "1/2-1/2"]
[WhiteElo "1879"]
[BlackElo "1764"]
[PlyCount "125"]
[EventDate "2015.??.??"]

1. c4 e5 2. Nc3 Nf6 3. g3 c5 4. Bg2 Be7 5. e3 Nc6 6. Nge2 O-O 7. O-O d6 8. b3
Bf5 9. d4 exd4 10. exd4 Qc8 11. Re1 Bg4 12. Be3 Rd8 13. Qd2 Rb8 14. Nf4 Bf8 15.
Rac1 Bf5 16. Nfd5 Nxd5 17. Nxd5 Qd7 18. Rcd1 Rbc8 19. Qb2 Nb4 20. Nxb4 cxb4 21.
Qd2 a5 22. Ra1 b5 23. Rac1 bxc4 24. bxc4 Rc7 25. Bf4 Ra7 26. Qe3 Rc8 27. f3 Qa4
28. Qd2 Qd7 29. g4 Bg6 30. Bg3 f6 31. Qe2 Bf7 32. d5 Rac7 33. f4 Qa4 34. g5
fxg5 35. fxg5 b3 36. axb3 Qxb3 37. Bh3 Re8 38. Qf1 Rxe1 39. Qxe1 Rxc4 40. Rb1
Qc3 41. Be6 Qxe1+ 42. Rxe1 Bxe6 43. dxe6 Rc7 44. Rd1 Rc5 45. h4 a4 46. Bxd6
Bxd6 47. Rxd6 Kf8 48. Ra6 Rc4 49. e7+ Kxe7 50. Ra7+ Kf8 51. Ra8+ Kf7 52. Ra7+
Kg6 53. h5+ Kxg5 54. Rxg7+ Kxh5 55. Rxh7+ Kg4 56. Kf2 Kf5 57. Rh5+ Ke6 58. Ra5
Kd6 59. Ke3 Kc6 60. Kd3 Rh4 61. Kc3 Kb6 62. Ra8 Kb5 63. Rb8+ 1/2-1/2

[Event "SR 3. liga A2 2014/2015"]
[Site "?"]
[Date "2014.11.02"]
[Round "2.3"]
[White "Antalek, Rudolf"]
[Black "Verba, Vladimir"]
[Result "1/2-1/2"]
[WhiteElo "1532"]
[BlackElo "1789"]
[PlyCount "98"]
[EventDate "2015.??.??"]

1. e4 c5 2. Nf3 g6 3. d4 cxd4 4. Nxd4 Bg7 5. c4 Nc6 6. Be3 Nf6 7. f3 O-O 8. Nc3
a5 9. Be2 d6 10. O-O Nd7 11. Qd2 Nde5 12. Rfd1 Nxd4 13. Bxd4 Be6 14. Nd5 Bxd5
15. cxd5 Nd7 16. Bxg7 Kxg7 17. Qd4+ Kg8 18. f4 Qb6 19. Bg4 f5 20. Qxb6 Nxb6 21.
exf5 gxf5 22. Bf3 Rac8 23. Re1 Rf7 24. Rac1 Rc5 25. Rxc5 dxc5 26. Re6 Nc8 27.
Bh5 Rf8 28. Kf2 Kg7 29. Ke3 Rf6 30. Rxf6 Kxf6 31. Bf3 Nd6 32. b3 b5 33. Be2 e5
34. dxe6 Kxe6 35. Bd3 c4 36. bxc4 bxc4 37. Bc2 Nb5 38. h3 Nc3 39. Kd4 Nxa2 40.
Kxc4 Nc1 41. Bd1 a4 42. Bxa4 Ne2 43. Bc6 Nxf4 44. Kd4 Kf6 45. Ke3 Kg5 46. Bf3
Ng6 47. g3 f4+ 48. gxf4+ Nxf4 49. h4+ Kf5 1/2-1/2

[Event "SR 3. liga A2 2014/2015"]
[Site "?"]
[Date "2014.11.02"]
[Round "2.4"]
[White "Gasa, Andrej"]
[Black "Liptak, Tomas"]
[Result "1/2-1/2"]
[WhiteElo "2317"]
[BlackElo "2168"]
[PlyCount "112"]
[EventDate "2015.??.??"]

1. e4 c5 2. Nf3 d6 3. d4 cxd4 4. Nxd4 Nf6 5. Nc3 a6 6. Bc4 e6 7. Bb3 b5 8. O-O
Be7 9. Qf3 Qb6 10. Be3 Qb7 11. Qg3 O-O 12. Bh6 Ne8 13. Nd5 Bd8 14. Be3 Nc6 15.
Nxc6 Qxc6 16. f3 a5 17. a4 Ba6 18. Nf4 b4 19. Rfd1 Bb6 20. Qf2 Rb8 21. Rd2 Nc7
22. Rad1 Rfd8 23. Kh1 Bxe3 24. Qxe3 Qb6 25. Qe1 Qc5 26. e5 d5 27. Rd4 Ne8 28.
Qg3 Qe7 29. Nh5 Kh8 30. Qf4 Rbc8 31. h3 Rc6 32. Ng3 Rdc8 33. Nf1 Bxf1 34. Rxf1
Nc7 35. Qe3 Na6 36. f4 g6 37. Rf2 Nc5 38. Kh2 R6c7 39. g4 Qe8 40. f5 Nxb3 41.
Qxb3 exf5 42. Rxd5 fxg4 43. Rxa5 gxh3 44. Qxb4 Rxc2 45. Qf4 Qd7 46. Rb5 Kg8 47.
b4 h6 48. Rb6 Rxf2+ 49. Qxf2 Qxa4 50. e6 f5 51. e7 Kf7 52. Qe2 Qb3 53. Rc6 Re8
54. Qe5 Qa2+ 55. Kxh3 Qa3+ 56. Kh2 Qa2+ 1/2-1/2

[Event "SR 3. liga A2 2014/2015"]
[Site "?"]
[Date "2014.11.02"]
[Round "2.4"]
[White "Kovacocy, Pavel"]
[Black "Cajka, Tibor"]
[Result "1/2-1/2"]
[WhiteElo "2192"]
[BlackElo "2166"]
[PlyCount "44"]
[EventDate "2015.??.??"]

1. e4 c5 2. Nf3 d6 3. d3 g6 4. g3 Bg7 5. Bg2 Nc6 6. O-O e6 7. c3 Nge7 8. Re1
O-O 9. Be3 h6 10. Na3 b5 11. d4 b4 12. Nc2 bxc3 13. bxc3 cxd4 14. Nfxd4 Ne5 15.
Nb5 Nc4 16. Qd3 a6 17. Qxc4 axb5 18. Qb3 Qa5 19. Bd4 e5 20. Be3 Be6 21. Qb4
Qxb4 22. Nxb4 Rfc8 1/2-1/2

[Event "SR 3. liga A2 2014/2015"]
[Site "?"]
[Date "2014.11.02"]
[Round "2.4"]
[White "Gasa, Patrik"]
[Black "Cechovic, Stefan"]
[Result "0-1"]
[WhiteElo "2074"]
[BlackElo "2155"]
[PlyCount "74"]
[EventDate "2015.??.??"]

1. d4 Nf6 2. c4 e6 3. Nf3 b6 4. g3 Bb7 5. Bg2 Be7 6. O-O O-O 7. b3 d5 8. Ne5
Nbd7 9. f4 c5 10. e3 Qc8 11. Ba3 Re8 12. Nd2 dxc4 13. bxc4 Bxg2 14. Kxg2 Qa6
15. Qb3 Rac8 16. Ndf3 cxd4 17. Bxe7 Rxe7 18. exd4 Qa5 19. Rfd1 Ne4 20. Rac1 Nd6
21. Nxd7 Rxd7 22. d5 exd5 23. Rxd5 Qxd5 24. cxd5 Rxc1 25. Ne5 Rdc7 26. Qa3 R1c5
27. Kh3 Rxd5 28. Qf3 Rd2 29. Qa8+ Nc8 30. a4 h6 31. Nc6 Kh7 32. Ne5 Rd4 33. Qb8
Rc2 34. Nxf7 Rdd2 35. Qe5 Rxh2+ 36. Kg4 h5+ 37. Kg5 Rc5 0-1

[Event "SR 3. liga A2 2014/2015"]
[Site "?"]
[Date "2014.11.02"]
[Round "2.4"]
[White "Sarmir, Milos"]
[Black "Sebesta, Radovan"]
[Result "1-0"]
[WhiteElo "2011"]
[BlackElo "2048"]
[PlyCount "97"]
[EventDate "2015.??.??"]

1. Nf3 d5 2. c4 c6 3. e3 Nf6 4. Be2 e6 5. O-O Be7 6. b3 O-O 7. Bb2 Nbd7 8. Qc2
Re8 9. d3 Bd6 10. Nbd2 Qc7 11. Rac1 Ne5 12. c5 Nxf3+ 13. Nxf3 Be7 14. b4 Nd7
15. e4 e5 16. exd5 cxd5 17. Qb3 e4 18. Nd4 exd3 19. Bxd3 Nf6 20. Rfe1 Bd7 21.
Nf3 Qf4 22. g3 Qh6 23. Bxf6 Qxf6 24. Ne5 Be6 25. b5 Rac8 26. c6 bxc6 27. Nxc6
Bd6 28. Qa4 Bh3 29. Qxa7 Rxe1+ 30. Rxe1 Qc3 31. Qe3 d4 32. Nxd4 Qb2 33. Nc6 g6
34. a4 Bd7 35. a5 Bxc6 36. bxc6 Qc3 37. a6 Bc5 38. Rc1 Bxe3 39. Rxc3 Bb6 40.
Be4 Re8 41. Bf3 Kf8 42. Rb3 Bd4 43. Rb7 Re1+ 44. Kg2 Rc1 45. Rd7 Bb6 46. Bd5
Rd1 47. c7 Bxc7 48. Rxc7 Rxd5 49. a7 1-0

[Event "SR 3. liga A2 2014/2015"]
[Site "?"]
[Date "2014.11.02"]
[Round "2.4"]
[White "Lanik, Miroslav"]
[Black "Markuliak, Mario"]
[Result "1-0"]
[WhiteElo "1895"]
[BlackElo "1811"]
[PlyCount "67"]
[EventDate "2015.??.??"]

1. e4 d6 2. d4 Nd7 3. Nc3 Ngf6 4. Be3 e5 5. Nf3 Be7 6. h3 c6 7. Bd3 Qc7 8. a4
a5 9. O-O O-O 10. Ne2 Re8 11. Ng3 Bf8 12. c3 Nb6 13. Qc2 h6 14. Nh2 Be6 15. b3
Rad8 16. Rad1 Nfd7 17. f4 f6 18. f5 Bf7 19. Nf3 d5 20. Bf2 Bd6 21. Ne2 c5 22.
dxc5 Nxc5 23. Bxc5 Bxc5+ 24. Kh1 dxe4 25. Bxe4 Bd5 26. c4 Bc6 27. Nc3 Nd7 28.
Nd5 Bxd5 29. Bxd5+ Kf8 30. Nh4 g5 31. fxg6 Kg7 32. Nf5+ Kxg6 33. Ne7+ Kg7 34.
Qg6+ 1-0

[Event "SR 3. liga A2 2014/2015"]
[Site "?"]
[Date "2014.11.02"]
[Round "2.4"]
[White "Vlkovic, Pavol"]
[Black "Palka, Martin"]
[Result "1-0"]
[WhiteElo "1820"]
[BlackElo "1890"]
[PlyCount "73"]
[EventDate "2015.??.??"]

1. e4 c5 2. Nf3 e6 3. d3 Nc6 4. c3 d5 5. Qe2 Nf6 6. g3 Be7 7. Bg2 O-O 8. O-O d4
9. e5 Nd5 10. c4 Nc7 11. Nbd2 Bd7 12. Ne4 b5 13. b3 b4 14. h4 Ne8 15. Bh3 f5
16. exf6 gxf6 17. Bh6 Rf7 18. Nh2 Kh8 19. Qh5 Ne5 20. f4 Ng6 21. Nxc5 Qa5 22.
Qf3 Qxc5 23. Qxa8 Bc6 24. Qc8 Bd6 25. Qxe6 Re7 26. Qf5 Qb6 27. Qh5 Re3 28. Nf3
Rxd3 29. Kh2 Qb7 30. Bg2 Bb8 31. Rad1 Rxd1 32. Rxd1 Qe7 33. Rxd4 Qe2 34. Rd8
Bc7 35. Rc8 Qe6 36. Rxc7 Nxc7 37. Nd4 1-0

[Event "SR 3. liga A2 2014/2015"]
[Site "?"]
[Date "2014.11.02"]
[Round "2.4"]
[White "Palka, Miroslav"]
[Black "Hornak, Pavol"]
[Result "1-0"]
[WhiteElo "1912"]
[BlackElo "1766"]
[PlyCount "51"]
[EventDate "2015.??.??"]

1. c4 Nf6 2. Nc3 g6 3. e4 d6 4. d4 Bg7 5. f3 O-O 6. Be3 Nc6 7. Qd2 a6 8. g4 b5
9. cxb5 axb5 10. Bxb5 Bb7 11. Nge2 e5 12. d5 Na7 13. Bc4 Nd7 14. h4 Nb6 15. Bd3
f6 16. O-O-O Kh8 17. h5 Kg8 18. hxg6 hxg6 19. Bh6 g5 20. Ng3 Bc8 21. Rh3 Qe7
22. Rdh1 Rf7 23. Qh2 Bd7 24. Bxg7 Rxg7 25. Rh8+ Kf7 26. Qh5+ 1-0

[Event "SR 3. liga A2 2014/2015"]
[Site "?"]
[Date "2014.11.02"]
[Round "2.4"]
[White "Kavuljak, Alojz"]
[Black "Kubik, Peter"]
[Result "0-1"]
[WhiteElo "1645"]
[BlackElo "1854"]
[PlyCount "112"]
[EventDate "2015.??.??"]

1. e4 d5 2. exd5 Qxd5 3. Nc3 Qa5 4. d3 Nf6 5. Nf3 Bg4 6. Be2 Nc6 7. Bd2 e5 8.
Ne4 Qd5 9. Nc3 Qd7 10. h3 Bf5 11. g4 Be6 12. Ng5 O-O-O 13. Bf3 Nd4 14. Bg2 Bc5
15. Nxe6 Qxe6 16. Be3 Rhe8 17. g5 Nd7 18. Qd2 f5 19. Bd5 Qxd5 20. Nxd5 Nf3+ 21.
Ke2 Nxd2 22. Kxd2 Bxe3+ 23. fxe3 Nc5 24. Nc3 e4 25. d4 Ne6 26. h4 c5 27. d5 Nc7
28. Ke2 Nxd5 29. Nxd5 Rxd5 30. Rad1 Red8 31. Rxd5 Rxd5 32. Rf1 g6 33. Rh1 Kc7
34. h5 Kc6 35. hxg6 hxg6 36. Rh6 Rd6 37. Rh7 a6 38. Rg7 b5 39. Ra7 Kd5 40. b3
Ke5 41. Re7+ Re6 42. Rf7 Kd5 43. Rd7+ Rd6 44. Ra7 c4 45. b4 c3 46. Rc7 Rc6 47.
Rd7+ Ke6 48. Rg7 Ke5 49. Re7+ Kd5 50. Rd7+ Rd6 51. Ra7 Kc4 52. a3 Rd2+ 53. Ke1
Rxc2 54. Rxa6 Kd3 55. Rxg6 Kxe3 56. Rh6 Rc1# 0-1

[Event "SR 3. liga A2 2014/2015"]
[Site "?"]
[Date "2014.11.02"]
[Round "2.5"]
[White "Takacs, Laszlo"]
[Black "Bisco, Igor"]
[Result "1/2-1/2"]
[WhiteElo "2110"]
[BlackElo "2079"]
[PlyCount "91"]
[EventDate "2015.??.??"]

1. e4 e5 2. Nf3 Nc6 3. Bb5 a6 4. Ba4 Nf6 5. O-O Be7 6. Re1 b5 7. Bb3 d6 8. h3
O-O 9. c3 Bb7 10. d4 Re8 11. Nbd2 Bf8 12. d5 Nb8 13. Nf1 Nbd7 14. Ng3 g6 15.
Be3 Nc5 16. Bc2 c6 17. dxc6 Bxc6 18. Bg5 h6 19. Bc1 Qc7 20. b4 Ne6 21. a4 Nf4
22. axb5 axb5 23. Rxa8 Bxa8 24. Bd2 d5 25. exd5 N6xd5 26. Qa1 Nxb4 27. Be4 Bxe4
28. Rxe4 Nbd3 29. Nxe5 Rxe5 30. Bxf4 Rxe4 31. Bxc7 Re1+ 32. Qxe1 Nxe1 33. Kf1
Nd3 34. Ke2 Nb2 35. Ba5 f5 36. Bb4 Bxb4 37. cxb4 Kf7 38. Kd2 Ke6 39. Kc2 Nc4
40. Ne2 Ke5 41. Nc3 Nd6 42. Kd3 f4 43. h4 Nf5 44. h5 gxh5 45. Nxb5 Nh4 46. g3
1/2-1/2

[Event "SR 3. liga A2 2014/2015"]
[Site "?"]
[Date "2014.11.02"]
[Round "2.5"]
[White "Slamena, Michal"]
[Black "Balogh, Peter"]
[Result "0-1"]
[WhiteElo "1993"]
[BlackElo "2028"]
[PlyCount "48"]
[EventDate "2015.??.??"]

1. e4 e5 2. Nf3 Nc6 3. Bb5 f5 4. Nc3 fxe4 5. Nxe4 Nf6 6. Qe2 d5 7. Nxe5 dxe4 8.
Nxc6 Qd6 9. Nxa7+ Bd7 10. Bxd7+ Qxd7 11. Nb5 Ra5 12. Nc3 Bd6 13. O-O Re5 14. d4
Re7 15. Bg5 O-O 16. Qc4+ Kh8 17. Rae1 Qg4 18. Bxf6 Rxf6 19. Nd5 Rh6 20. h3 Rxh3
21. f3 exf3 22. Re2 Rh1+ 23. Kxh1 Qh4+ 24. Kg1 Bh2+ 0-1

[Event "SR 3. liga A2 2014/2015"]
[Site "?"]
[Date "2014.11.02"]
[Round "2.5"]
[White "Lesny, Stefan"]
[Black "Drgon, Matus"]
[Result "1-0"]
[WhiteElo "2083"]
[BlackElo "1754"]
[PlyCount "61"]
[EventDate "2015.??.??"]

1. e4 c5 2. f4 d5 3. e5 e6 4. Nf3 Ne7 5. c3 Nbc6 6. g3 Nf5 7. Bg2 Be7 8. O-O
O-O 9. d3 b5 10. Qe2 Bb7 11. g4 Nh4 12. Nxh4 Bxh4 13. g5 Ne7 14. Nd2 Nf5 15.
Nf3 Bg3 16. Rd1 Bh4 17. Bh3 d4 18. Bxf5 Bxf3 19. Qxf3 exf5 20. Qh5 Bxg5 21.
Qxg5 f6 22. Qh4 Qd5 23. Qg3 Rae8 24. cxd4 cxd4 25. Re1 b4 26. Bd2 Qb5 27. Rac1
Qd5 28. Bxb4 Rf7 29. Rc4 fxe5 30. Rxe5 Rxe5 31. Rc8+ 1-0

[Event "SR 3. liga A2 2014/2015"]
[Site "?"]
[Date "2014.11.02"]
[Round "2.5"]
[White "Janas, Peter"]
[Black "Rachela, Jozef"]
[Result "0-1"]
[WhiteElo "1736"]
[BlackElo "2048"]
[PlyCount "120"]
[EventDate "2015.??.??"]

1. d4 Nf6 2. c4 e6 3. Nc3 b6 4. Nf3 Bb7 5. e3 Be7 6. Be2 O-O 7. O-O d5 8. b3
Nbd7 9. Bb2 c5 10. Rc1 dxc4 11. Bxc4 cxd4 12. Nxd4 Nc5 13. Re1 Rc8 14. Bf1 Bd6
15. Ndb5 Bb8 16. Qxd8 Rfxd8 17. Red1 a6 18. Nd4 Nfe4 19. Nxe4 Nxe4 20. Rxc8
Rxc8 21. Bd3 b5 22. Ne2 Nc5 23. Bb1 Bd5 24. Nc3 Bc6 25. Ne2 Bb7 26. Ba3 Ne4 27.
Bb2 h6 28. f3 Nf6 29. Bxf6 gxf6 30. Kf2 Kf8 31. g3 Ke7 32. Rd4 Rd8 33. Rxd8
Kxd8 34. Nc3 f5 35. e4 Be5 36. Ne2 fxe4 37. fxe4 Ke7 38. h3 Kd6 39. Nc1 Bd4+
40. Ke2 Bb2 41. Kd2 Bxc1+ 42. Kxc1 Ke5 43. Bd3 Bxe4 44. Bf1 Kd4 45. Kd2 Bb7 46.
h4 f6 47. Be2 b4 48. Bc4 e5 49. Be2 a5 50. Bc4 Be4 51. Be2 Bb1 52. Bd1 e4 53.
g4 e3+ 54. Ke2 Ke4 55. Ke1 Bd3 56. Be2 Bxe2 57. Kxe2 Kf4 58. h5 Ke4 59. Kd1 Kf3
60. Ke1 e2 0-1

[Event "SR 3. liga A2 2014/2015"]
[Site "?"]
[Date "2014.11.02"]
[Round "2.5"]
[White "Merva, Frantisek"]
[Black "Tupy, Bystrik"]
[Result "1-0"]
[WhiteElo "2045"]
[BlackElo "1782"]
[PlyCount "111"]
[EventDate "2015.??.??"]

1. d4 d5 2. c4 e6 3. Nc3 Bb4 4. e3 Nc6 5. Nf3 Nf6 6. a3 Bxc3+ 7. bxc3 Qe7 8.
Be2 e5 9. dxe5 Nxe5 10. cxd5 Bg4 11. Rb1 b6 12. Nxe5 Bxe2 13. Qxe2 Qxe5 14.
Qb5+ Kd8 15. Bb2 Ke7 16. c4 Qd6 17. a4 a6 18. Qb3 Kd7 19. f3 Rhb8 20. O-O Ke8
21. Ba3 Qe5 22. Rbe1 Nd7 23. Bb2 Nc5 24. Qc2 Qh5 25. Bxg7 Qg6 26. Qxg6 hxg6 27.
Ra1 Nb3 28. Ra2 Kd7 29. Ra3 Na5 30. Rc1 Nb7 31. Bd4 Nd6 32. e4 Rb7 33. g4 Rf8
34. e5 Ne8 35. f4 a5 36. c5 bxc5 37. Rxc5 Rb4 38. Be3 Rh8 39. Rxa5 Rb2 40. Bf2
f5 41. gxf5 gxf5 42. Rg3 Rd2 43. Rg6 Rh3 44. Rg3 Rxh2 45. Kxh2 Rxf2+ 46. Kh3
Rxf4 47. Rg5 Rf1 48. Ra8 Rh1+ 49. Kg3 Rg1+ 50. Kf4 Rxg5 51. Kxg5 Ng7 52. Rg8
Ne8 53. Rxe8 Kxe8 54. Kxf5 Kd7 55. Kf6 Ke8 56. a5 1-0